000 00837nam a22002657a 4500
001 BR8700161
003 BR-BrBNA
005 20230928092323.0
007 ta
008 230509b bl.||||| |||| 00| 0 por d
040 _aBR-BrBNA
_bpor
_cBiblioteca Nacional de Agricultura
041 _a(Por)
072 _aN01
_b/G514
090 _ N01 BR8700161
110 1 _aBanco de Desenvolvimento de Minas Gerais, Belo Horizonte (Brasil)
_91074
245 1 _aPrograma de eletrificacao rural no sul de Minas
260 3 _aBelo Horizonte, MG (Brasil):
_c1979.
300 _a24 p.
500 _a(*) Documento disponível no(a) Banco de Desenvolvimento de Minas Gerais, Belo Horizonte (Brazil)
650 _aELETRIFICACAO RURAL
650 _aMINAS GERAIS
650 _aFINANCIAMENTO
909 _a202309
_bLucia
_c55
_dLucia Elande
942 _cBK
999 _c38324
_d38324